Zu welchem Inselstaat gehören die Inseln? - Statistiken

Allgemein
  • Dieses Quiz wurde 119 mal gespielt
  • Das Durchschnittsergebnis liegt bei 7 aus 18
Antwortstatistiken
Inseln Staat % Korrekt
Shikoku, Kyushu Japan
94%
Sulawesi, Sumatra, Bali Indonesien
91%
Nordinsel, Südinsel Neuseeland
78%
Gozo, Comino Malta
45%
Majuro, Kwajalein, Bikini Marshallinseln
45%
Mindanao, Negros, Palawan Philippinen
43%
Bougainville, Neubritannien Papua-Neuguinea
34%
Tarawa, Weihnachtsinsel, Tabuaeran Kiribati
33%
Viti Levu, Vanua Levu Fidschi
32%
Mohéli, Grand Comore, Anjouan Komoren
32%
Sal, Santiago, Boa Vista Kap Verde
29%
Mahé, Paslin, La Digue Seychellen
25%
Guadalcanal, Malaita, Santa Isabel Salomonen
20%
Upolu, Savaiʻi Samoa
20%
New Providence, Eleuthera, Andros Bahamas
19%
Kosrae, Pohnpei, Yap Mikronesien
17%
Espiritu Santo, Malakula, Efate Vanuatu
17%
Bequia, Union Island, Mustique St. Vincent und die Grenadinen
10%
Keine übereinstimmenden Quizze gefunden
Verteilung der Resultate
Anzahl Personen mit jedem Resultat
Perzentil nach korrekt beantworteten Fragen
Ihre Resultats-Entwicklung
Sie haben dieses Quiz noch nicht gespielt